[Event "South Moravia Region-chT 2223"]
[Site "Czech Republic"]
[Date "2022.12.11"]
[Round "5.1"]
[White "Wunsch, Radek"]
[Black "Havel, Jan"]
[Result "1-0"]
[WhiteElo "1986"]
[BlackElo "1623"]
[PlyCount "67"]
[EventDate "2022.10.09"]
[EventType "team-tourn"]
[EventRounds "11"]
[EventCountry "CZE"]
[SourceTitle "EXT 2024"]
[Source "ChessBase"]
[SourceDate "2023.10.10"]
[SourceVersion "1"]
[SourceVersionDate "2023.10.10"]
[SourceQuality "1"]

1. e4 d6 2. d4 Nf6 3. Nc3 g6 4. f4 Bg7 5. Nf3 Bg4 6. h3 Bxf3 7. Qxf3 c6 8. Be3 Qa5 9. 0-0-0 e6 10. Kb1 0-0 11. g4 Nbd7 12. g5 Nh5 13. Bd3 f5 14. gxf6 Rxf6 15. Qg4 Nf8 16. f5 exf5 17. exf5 Rf7 18. fxg6 hxg6 19. Bxg6 Nxg6 20. Qxg6 Rf6 21. Qg4 Qf5 22. Bg5 Qxg4 23. hxg4 Rg6 24. Rxh5 Re8 25. d5 Bxc3 26. bxc3 c5 27. Rdh1 Kf7 28. Rh7+ Rg7 29. Bf4 Rd8 30. Rxg7+ Kxg7 31. Re1 Kf7 32. Re6 Rg8 33. g5 Rg6 34. Rxd6 1-0

[Event "Olexa Memorial op"]
[Site "Brno"]
[Date "2021.12.27"]
[Round "2"]
[White "Hrdlicka, Vladan"]
[Black "Wunsch, Radek"]
[Result "0-1"]
[WhiteElo "1774"]
[BlackElo "1923"]
[PlyCount "160"]
[EventDate "2021.12.26"]
[EventType "swiss"]
[EventRounds "7"]
[EventCountry "CZE"]
[SourceTitle "CBM 205 Extra"]
[Source "ChessBase"]
[SourceDate "2022.01.31"]
[SourceVersion "1"]
[SourceVersionDate "2022.01.31"]
[SourceQuality "1"]

1. e4 Nc6 2. Nc3 e5 3. Nf3 Nf6 4. d4 exd4 5. Nxd4 Bb4 6. Nxc6 bxc6 7. Bd3 d5 8. exd5 0-0 9. 0-0 Bg4 10. Be2 Bxe2 11. Nxe2 cxd5 12. Bg5 Be7 13. Nd4 Qd7 14. Qf3 Ne4 15. Bxe7 Qxe7 16. Rfe1 Qb4 17. Nc6 Qc5 18. c4 Qxc4 19. Ne7+ Kh8 20. b3 Qc3 21. Nxd5 Qxf3 22. gxf3 Ng5 23. Re3 c6 24. Nf4 Rad8 25. h4 Rd4 26. hxg5 Rxf4 27. Rae1 Rf5 28. Re5 Rxf3 29. Kg2 Rc3 30. Ra5 h6 31. Rxa7 hxg5 32. Re5 g4 33. Rg5 g6 34. Rxg4 Kg7 35. Rg3 Rxg3+ 36. Kxg3 Rb8 37. Rd7 Ra8 38. a4 Rb8 39. Rd3 Ra8 40. Kf4 Ra5 41. Ke4 f5+ 42. Kd4 Kf6 43. Kc4 Ke5 44. Kb4 Ra6 45. Kc5 g5 46. Re3+ Kf4 47. Kd6 g4 48. Kc7 c5 49. Kb7 Rd6 50. a5 Rd2 51. a6 Rxf2 52. Re6 Rb2 53. Rb6 g3 54. a7 g2 55. a8Q g1Q 56. Qb8+ Kf3 57. Qe5 Qb1 58. Qc3+ Kf4 59. Kc7 Qc2 60. Qh3 Qh2 61. Qc3 Rc2 62. Qd3 Qe2 63. Qd8 Rd2 64. Qh4+ Qg4 65. Qe1 Qg7+ 66. Kc6 Qd7+ 67. Kxc5 Qd5+ 68. Kb4 Rd4+ 69. Kc3 Qc5+ 70. Kb2 Qxb6 71. Qf2+ Ke5 72. Qg3+ f4 73. Qg5+ Ke4 74. Qg2+ Ke5 75. Qg5+ Kd6 76. Qf6+ Kc5 77. Qe7+ Rd6 78. Qe4 Qb4 79. Qc2+ Kb6 80. Kb1 Qe1+ 0-1

[Event "Brno Trade op"]
[Site "Brno"]
[Date "2021.08.31"]
[Round "4"]
[White "Wunsch, Radek"]
[Black "Borkovec, Ondrej"]
[Result "0-1"]
[WhiteElo "1895"]
[BlackElo "1223"]
[PlyCount "120"]
[EventDate "2021.08.29"]
[EventType "swiss"]
[EventRounds "9"]
[EventCountry "CZE"]
[SourceTitle "CBM 204 Extra"]
[Source "ChessBase"]
[SourceDate "2021.11.30"]
[SourceVersion "1"]
[SourceVersionDate "2021.11.30"]
[SourceQuality "1"]

1. e4 c5 2. Nf3 e6 3. c3 d5 4. e5 Nc6 5. d4 Qb6 6. a3 a5 7. Bd3 Bd7 8. Bc2 c4 9. 0-0 Nge7 10. Nbd2 Ng6 11. Rb1 a4 12. h4 Nge7 13. Bxa4 Nxe5 14. Bxd7+ Nxd7 15. b3 Qc7 16. bxc4 dxc4 17. Qc2 Nd5 18. a4 N7b6 19. Ra1 Ra5 20. Ne5 Bd6 21. Ndf3 f6 22. Ng4 0-0 23. Re1 Qd7 24. Ba3 Bxa3 25. Rxa3 Rxa4 26. Rea1 Rfa8 27. Rxa4 Rxa4 28. Re1 Ra3 29. Qe2 Rxc3 30. Qxe6+ Qxe6 31. Rxe6 Kf7 32. Re1 h5 33. Ngh2 Nf4 34. Rb1 Ne2+ 35. Kf1 Rc1+ 36. Rxc1 Nxc1 37. Ke1 Nd3+ 38. Ke2 Nd5 39. g4 g6 40. gxh5 gxh5 41. Nf1 b5 42. N1d2 Ke6 43. Ne4 N5f4+ 44. Ke3 Ng2+ 45. Kd2 f5 46. Ng3 Ngf4 47. Ke3 Ng2+ 48. Ke2 Ngf4+ 49. Ke3 b4 50. Nd2 c3 51. Nb3 Kd5 52. Nxf5 Kc4 53. Na5+ Kb5 54. Nb3 Ka4 55. Na1 b3 56. Nxb3 Kxb3 57. d5 Nb4 58. Kxf4 Nxd5+ 59. Kg5 Kc4 60. Nd6+ Kd3 0-1

[Event "Brno Trade op"]
[Site "Brno"]
[Date "2021.08.29"]
[Round "1"]
[White "Sojka, Oldrich"]
[Black "Wunsch, Radek"]
[Result "0-1"]
[WhiteElo "1417"]
[BlackElo "1895"]
[PlyCount "66"]
[EventDate "2021.08.29"]
[EventType "swiss"]
[EventRounds "9"]
[EventCountry "CZE"]
[SourceTitle "CBM 204 Extra"]
[Source "ChessBase"]
[SourceDate "2021.11.30"]
[SourceVersion "1"]
[SourceVersionDate "2021.11.30"]
[SourceQuality "1"]

1. e4 Nc6 2. Nc3 e5 3. a3 Nf6 4. Bc4 Nxe4 5. Qf3 Nf6 6. Nge2 d6 7. h3 Be6 8. Bxe6 fxe6 9. d3 Be7 10. Bd2 0-0 11. 0-0-0 Qd7 12. g4 Rab8 13. Qg2 b5 14. Na2 a5 15. f4 b4 16. a4 b3 17. cxb3 Rxb3 18. Bc3 Nd5 19. fxe5 Ne3 20. Qe4 Nxd1 21. Rxd1 dxe5 22. d4 exd4 23. Nxd4 Nxd4 24. Rxd4 Bd6 25. Rd1 Qf7 26. Kc2 Rbb8 27. Nc1 Bb4 28. Be5 Qf2+ 29. Ne2 Rbd8 30. Bd4 Qf7 31. Qe5 c5 32. Be3 Rxd1 33. Kxd1 Qf1+ 0-1

[Event "Brno op 7th"]
[Site "Brno"]
[Date "2017.11.13"]
[Round "3"]
[White "Cip, Dalibor"]
[Black "Wunsch, Radek"]
[Result "1-0"]
[WhiteElo "2153"]
[BlackElo "1759"]
[PlyCount "81"]
[EventDate "2017.11.11"]
[EventType "swiss"]
[EventRounds "9"]
[EventCountry "CZE"]
[SourceTitle "CBM 181 Extra"]
[Source "ChessBase"]
[SourceDate "2017.12.12"]
[SourceVersion "1"]
[SourceVersionDate "2017.12.12"]
[SourceQuality "1"]

1. Nf3 d5 2. c4 c6 3. d4 Nf6 4. g3 Bf5 5. Qb3 Qb6 6. Nc3 e6 7. Bg2 Nbd7 8. 0-0 dxc4 9. Qxc4 Bd6 10. Re1 e5 11. e4 Be6 12. d5 Bg4 13. dxc6 Qxc6 14. Qxc6 bxc6 15. Be3 0-0 16. Rac1 Rfb8 17. b3 Bb4 18. h3 Bh5 19. Red1 Rb7 20. g4 Bg6 21. Nh4 Bxc3 22. Nxg6 Bb4 23. Nh4 c5 24. Nf5 Kf8 25. Nd6 Rc7 26. Nc4 Nb6 27. Nxe5 Re8 28. f4 Ba3 29. Rc2 Re6 30. g5 Ne8 31. Ng4 Nd6 32. e5 Nf5 33. Bf2 Ree7 34. Rd8+ Re8 35. Rxe8+ Kxe8 36. Be4 Ne7 37. Ne3 g6 38. Kg2 Nc6 39. Ng4 Nb4 40. Rxc5 Rxc5 41. Bxc5 1-0